Biển, đảo Việt Nam Nguồn cội từ bao đời Tư liệu và nghiên cứu

সংরক্ষণ করুন:
গ্রন্থ-পঞ্জীর বিবরন
প্রধান লেখক: Quý, Lâm
বিন্যাস: গ্রন্থ
প্রকাশিত: Hà Nội Hồng Đức 2015
বিষয়গুলি:
ট্যাগগুলো: ট্যাগ যুক্ত করুন
কোনো ট্যাগ নেই, প্রথমজন হিসাবে ট্যাগ করুন!
Thư viện lưu trữ: Trung tâm Học liệu Lê Vũ Hùng, Trường Đại học Đồng Tháp
LEADER 00853pam a22003258a 4500
001 00035708
005 20171026081025.0
008 161222s2015 ||||||Viesd
020 # # |c 350000 
041 0 # |a Vie 
082 1 4 |a 342.1  |b B305Đ 
100 1 # |a Quý, Lâm 
245 0 0 |a Biển, đảo Việt Nam Nguồn cội từ bao đời  |c Quý Lâm  |b Tư liệu và nghiên cứu 
260 # # |a Hà Nội  |b Hồng Đức  |c 2015 
300 # # |a 405tr.  |c 27 cm. 
653 # # |a Biển đảo 
653 # # |a Luật 
653 # # |a Việt Nam 
852 # # |b Kho đọc  |j KD.0019249 
852 # # |j KD.0019249 
910 0 # |d 22/12/2016 
980 # # |a Trung tâm Học liệu Lê Vũ Hùng, Trường Đại học Đồng Tháp